| 000 | 01555nam a2200229Ia 4500 | ||
|---|---|---|---|
| 003 | Ost | ||
| 005 | 20260507075716.0 | ||
| 008 | 260507s9999||||xx |||||||||||||| ||und|| | ||
| 020 | _a9789931602705 | ||
| 040 | _cfsecg | ||
| 041 | _aara | ||
| 082 | _a657.45 | ||
| 100 |
_aبوعزة ، عبد القادر _eمؤلف |
||
| 245 | 0 |
_aمحاضرات في المراجعة وتدقيق الحسابات / _c عبد القادر بوعزة |
|
| 260 |
_aالجزائر: _bدار الكتاب العربي, _c2022 |
||
| 300 |
_a190 صفحة؛ _bإيضاحات ؛ _c24 سم |
||
| 504 | _aالمراجع ص.182 | ||
| 520 | _aهذا الكتاب يقدم مجموعة محاضرات في مادة المراجعة والتدقيق الضريبي، وذلك لتزويد الطالب والباحث بأهم المعارف الأساسية والمفاهيم والمصطلحات النظرية والتطبيقية للمراجعة والتدقيق الضريبي، بالإضافة إلى التعرض للجانب الإجرائي المعمول به عملياً لممارسة المراجعة والتدقيق الضريبي في المؤسسات وعلى مستوى الإدارات الضريبية في الجزائر. موجه لطلبة الماستر في شعبة العلوم المالية والمحاسبة، الأكاديميين والمتعاملين الاقتصاديين المهنيين وجميع الباحثين والمهتمين | ||
| 653 | _aالتدقيق الجبائي | ||
| 653 | _aالمراجعة | ||
| 942 | _cكتاب | ||
| 999 |
_c45920 _d45920 |
||